MARC details
| 000 -CABECERA |
| campo de control de longitud fija |
01596nam a2200457 a 4500 |
| 001 - NÚMERO DE CONTROL |
| campo de control |
000114866 |
| 003 - IDENTIFICADOR DEL NÚMERO DE CONTROL |
| campo de control |
CHAP |
| 005 - FECHA Y HORA DE LA ÚLTIMA TRANSACCIÓN |
| campo de control |
20241112062704.0 |
| 008 - DATOS DE LONGITUD FIJA--INFORMACIÓN GENERAL |
| campo de control de longitud fija |
180723s2017 mx a |rl l||0|0|spa d |
| 010 ## - NÚMERO DE CONTROL DE LA BIBLIOTECA DEL CONGRESO |
| Número de control de LC |
111327 |
| 011 ## - ENLACE DEL NUMERO DE CONTROL DE LA BIBLIOTECA DEL CONGRESO [OBSOLETO] |
| Número de control de LC |
112299 |
| 020 ## - NÚMERO INTERNACIONAL ESTÁNDAR DEL LIBRO |
| Número Internacional Estándar del Libro |
9786071204519 |
| 040 ## - FUENTE DE LA CATALOGACIÓN |
| Centro/agencia transcriptor |
CHAP |
| 082 04 - NÚMERO DE LA CLASIFICACIÓN DECIMAL DEWEY |
| Número de clasificación |
634.315 |
| Número de documento/Ítem |
G94 |
| 245 00 - MENCIÓN DE TÍTULO |
| Título |
Guía agroecológica para la producción de naranja orgánica / |
| Mención de responsabilidad, etc. |
por Manuel Ángel Gómez Cruz ...[et al.]. |
| 260 ## - PUBLICACIÓN, DISTRIBUCIÓN, ETC. |
| Lugar de publicación, distribución, etc. |
México. : |
| Nombre del editor, distribuidor, etc. |
UACH; CIDRI, |
| Fecha de publicación, distribución, etc. |
2017. |
| 300 ## - DESCRIPCIÓN FÍSICA |
| Extensión |
68 p.: il. |
| 490 ## - MENCIÓN DE SERIE |
| Mención de serie |
Publicaciones Agroecológicas |
| 590 ## - NOTA LOCAL (RLIN) |
| Nota local |
BATCH-UPD |
| Procedencia (VM) [OBSOLETO] |
05 |
| Condición del los carretes individuales (VM) [OBSOLETO] |
20190502 |
| -- |
UCH01 |
| -- |
1023 |
| 590 ## - NOTA LOCAL (RLIN) |
| Nota local |
E11695DGD |
| Procedencia (VM) [OBSOLETO] |
10 |
| Condición del los carretes individuales (VM) [OBSOLETO] |
20190503 |
| -- |
UCH01 |
| -- |
1008 |
| 590 ## - NOTA LOCAL (RLIN) |
| Nota local |
E8697GMM |
| Procedencia (VM) [OBSOLETO] |
05 |
| Condición del los carretes individuales (VM) [OBSOLETO] |
20180723 |
| -- |
UCH01 |
| -- |
1423 |
| 590 ## - NOTA LOCAL (RLIN) |
| Nota local |
E8697GMM |
| Procedencia (VM) [OBSOLETO] |
05 |
| Condición del los carretes individuales (VM) [OBSOLETO] |
20180723 |
| -- |
UCH01 |
| -- |
1433 |
| 590 ## - NOTA LOCAL (RLIN) |
| Nota local |
E8697GMM |
| Procedencia (VM) [OBSOLETO] |
05 |
| Condición del los carretes individuales (VM) [OBSOLETO] |
20180723 |
| -- |
UCH01 |
| -- |
1434 |
| 590 ## - NOTA LOCAL (RLIN) |
| Nota local |
E8697GMM |
| Procedencia (VM) [OBSOLETO] |
05 |
| Condición del los carretes individuales (VM) [OBSOLETO] |
20180725 |
| -- |
UCH01 |
| -- |
1336 |
| 590 ## - NOTA LOCAL (RLIN) |
| Nota local |
E8697GMM |
| Procedencia (VM) [OBSOLETO] |
05 |
| Condición del los carretes individuales (VM) [OBSOLETO] |
20190430 |
| -- |
UCH01 |
| -- |
1603 |
| 590 ## - NOTA LOCAL (RLIN) |
| Nota local |
E8697GMM |
| Procedencia (VM) [OBSOLETO] |
05 |
| Condición del los carretes individuales (VM) [OBSOLETO] |
20190502 |
| -- |
UCH01 |
| -- |
1022 |
| 590 ## - NOTA LOCAL (RLIN) |
| Nota local |
E8697GMM |
| Procedencia (VM) [OBSOLETO] |
05 |
| Condición del los carretes individuales (VM) [OBSOLETO] |
20190502 |
| -- |
UCH01 |
| -- |
1024 |
| 590 ## - NOTA LOCAL (RLIN) |
| Nota local |
E8697GMM |
| Procedencia (VM) [OBSOLETO] |
05 |
| Condición del los carretes individuales (VM) [OBSOLETO] |
20190502 |
| -- |
UCH01 |
| -- |
1313 |
| 590 ## - NOTA LOCAL (RLIN) |
| Nota local |
E8697GMM |
| Procedencia (VM) [OBSOLETO] |
05 |
| Condición del los carretes individuales (VM) [OBSOLETO] |
20190502 |
| -- |
UCH01 |
| -- |
1517 |
| 590 ## - NOTA LOCAL (RLIN) |
| Nota local |
E8697GMM |
| Procedencia (VM) [OBSOLETO] |
05 |
| Condición del los carretes individuales (VM) [OBSOLETO] |
20190502 |
| -- |
UCH01 |
| -- |
1520 |
| 590 ## - NOTA LOCAL (RLIN) |
| Nota local |
E8697GMM |
| Procedencia (VM) [OBSOLETO] |
05 |
| Condición del los carretes individuales (VM) [OBSOLETO] |
20190502 |
| -- |
UCH01 |
| -- |
1526 |
| 650 14 - PUNTO DE ACCESO ADICIONAL DE MATERIA--TÉRMINO DE MATERIA |
| Término de materia o nombre geográfico como elemento de entrada |
Manuales de organización. |
| 9 (RLIN) |
70673 |
| 650 14 - PUNTO DE ACCESO ADICIONAL DE MATERIA--TÉRMINO DE MATERIA |
| Término de materia o nombre geográfico como elemento de entrada |
Naranja |
| Subdivisión general |
Mercadeo. |
| 9 (RLIN) |
80176 |
| 650 14 - PUNTO DE ACCESO ADICIONAL DE MATERIA--TÉRMINO DE MATERIA |
| Término de materia o nombre geográfico como elemento de entrada |
Naranja |
| Subdivisión general |
Rendimiento. |
| 9 (RLIN) |
80188 |
| 650 14 - PUNTO DE ACCESO ADICIONAL DE MATERIA--TÉRMINO DE MATERIA |
| Término de materia o nombre geográfico como elemento de entrada |
Organización de productores |
| Subdivisión general |
Capacitación. |
| 9 (RLIN) |
134045 |
| 700 1# - PUNTO DE ACCESO ADICIONAL--NOMBRE DE PERSONA |
| Nombre de persona |
Gómez Cruz, Manuel Ángel |
| 9 (RLIN) |
49661 |
| 830 #0 - PUNTO DE ACCESO ADICIONAL DE SERIE-TÍTULO UNIFORME |
| Título uniforme |
Publicaciones Agroecológicas |
| 9 (RLIN) |
135200 |
| 901 ## - ELEMENTOS DE DATOS A LOCAL LDA (RLIN) |
| a |
BK |
| 942 ## - ELEMENTOS DE PUNTO DE ACCESO ADICIONAL (KOHA) |
| Tipo de ítem Koha |
Libro |
| 942 ## - ELEMENTOS DE PUNTO DE ACCESO ADICIONAL (KOHA) |
| Suprimir en OPAC |
0 |